00421nam a2200157 a 450000100030000000300090000300800410001204000280005308200160008124500240009726000320012130000090015349000160016250000610017865000240023951CO-ViMGA141112s2004 ck r 000 u spa d aCO-ViMGAbspacCO-ViMGA04a863.3 L19a110aLazarillo de Tormes aBarcelona : bNorma, c1994 a86 p aCara y cruz aEcuadernado con A propósito del Lazarillo de Tormes. 14aCUENTOS ESPAÑOLES